Southville International School and Colleges
Your cart is empty.
  • Cart
  • Lists
    Public lists Eva Luna New books Lux_list list_1
    Your lists Log in to create your own lists
  • Log in to your account
  • Your cookies
  • Search history
Southville International School and Colleges
  • Advanced search
  • Recent comments
  • Most popular
  • Libraries

Log in to your account

Log in with GOOGLE


If you do not have an external account, but do have a local account, you can still log in:

  1. Home
  2. MARC view: Teaching in nursing :
Normal view MARC view ISBD view

Teaching in nursing : (Record no. 25647)

[ view plain ]
MARC details
000 -LEADER
fixed length control field 00765nam a22002417a 4500
005 - DATE AND TIME OF LATEST TRANSACTION
control field 20140310183633.0
008 - FIXED-LENGTH DATA ELEMENTS--GENERAL INFORMATION
fixed length control field 131122b xxu||||| |||| 00| 0 eng d
020 ## - INTERNATIONAL STANDARD BOOK NUMBER
International Standard Book Number 9781455705511
050 ## - LIBRARY OF CONGRESS CALL NUMBER
Classification number RT 71
Item number .T253 2012
245 ## - TITLE STATEMENT
Title Teaching in nursing :
Remainder of title a guide for faculty /
Statement of responsibility, etc edited by Diane M. Billings, Judith A. Halstead.
250 ## - EDITION STATEMENT
Edition statement 4th ed.
260 ## - PUBLICATION, DISTRIBUTION, ETC. (IMPRINT)
Place of publication, distribution, etc St. Louis, Mo. :
Name of publisher, distributor, etc Elsevier/Saunders,
Date of publication, distribution, etc 2012.
300 ## - PHYSICAL DESCRIPTION
Extent 573 p. :
Dimensions 25 cm.
504 ## - BIBLIOGRAPHY, ETC. NOTE
Bibliography, etc Includes Bibliographic References and Index.
521 ## - TARGET AUDIENCE NOTE
Target audience note
650 ## - SUBJECT ADDED ENTRY--TOPICAL TERM
Topical term or geographic name as entry element Education, Nursing
General subdivision methods
650 ## - SUBJECT ADDED ENTRY--TOPICAL TERM
Topical term or geographic name as entry element Faculty, Nursing
650 ## - SUBJECT ADDED ENTRY--TOPICAL TERM
Topical term or geographic name as entry element Teaching
General subdivision methods
700 ## - ADDED ENTRY--PERSONAL NAME
Personal name Billings, Diane M.
Relator term editor
700 ## - ADDED ENTRY--PERSONAL NAME
Personal name Halstead, Judith A.
Relator term editor
942 ## - ADDED ENTRY ELEMENTS (KOHA)
Source of classification or shelving scheme Library of Congress Classification
Koha item type Books
Call number prefix Foreign
Holdings
Withdrawn status Lost status Source of classification or shelving scheme Damaged status Home library Current library Shelving location Date acquired Total Checkouts Total Renewals Full call number Barcode Date last seen Date checked out Copy number Price effective from Koha item type
    Library of Congress Classification   College Library College Library Reserve Section 11/22/2013 1 1 RT 71 .T253 2012 C17163 06/25/2024 02/05/2024 1 11/22/2013 Books

Teaching in nursing :

APA

Billings D. M., Halstead J. A., . (2012). Teaching in nursing. St. Louis, Mo: Elsevier/Saunders.

Chicago

Billings Diane M, Halstead Judith A, . 2012. Teaching in nursing. St. Louis, Mo: Elsevier/Saunders.

Harvard

Billings D. M., Halstead J. A., . (2012). Teaching in nursing. St. Louis, Mo: Elsevier/Saunders.

MLA

Billings Diane M, Halstead Judith A, . Teaching in nursing. St. Louis, Mo: Elsevier/Saunders. 2012.

  • Place hold
  • Print
  • Cite
  • Add to your cart (remove)
  • Save record
    BIBTEX Dublin Core MARCXML MARC (non-Unicode/MARC-8) MARC (Unicode/UTF-8) MARC (Unicode/UTF-8, Standard) MODS (XML) RIS
  • More searches
    Search for this title in:
    Other Libraries (WorldCat) Other Databases (Google Scholar) Online Stores (Bookfinder.com) Open Library (openlibrary.org)

Exporting to Dublin Core...

SOUTHVILLE LIBRARY

Southville International School and Colleges Library

1281 Tropical Ave. Cor. Luxembourg St., BF Homes International, Las Pinas City

Tel. No. 8256374 / 252358 Loc. 117/146

Powered by Koha